书目信息 |
| 题名: |
基于老龄化社会的城乡规划变革与创新
|
|
| 作者: | 陈小卉 著 | |
| 分册: | ||
| 出版信息: | 北京 中国建筑工业出版社 2015 |
|
| 页数: | 204页 | |
| 开本: | 26cm | |
| 丛书名: | 城市科学发展丛书 | |
| 单 册: | ||
| 中图分类: | TU984.2 | |
| 科图分类: | ||
| 主题词: | 人口老龄化--影响--城乡规划--研究--中国 | |
| 电子资源: | ||
| ISBN: | 978-7-112-18099-8 | |
| 000 | 01298nam0 2200277 450 | |
| 001 | 0100004464 | |
| 005 | 20191029104122.54 | |
| 010 | @a978-7-112-18099-8@dCNY58.00 | |
| 100 | @a20151026d2015 em y0chiy50 ea | |
| 101 | 0 | @achi |
| 102 | @aCN@b110000 | |
| 105 | @aa z 000yy | |
| 200 | 1 | @a基于老龄化社会的城乡规划变革与创新@Aji yu lao ling hua she hui de cheng xiang gui hua bian ge yu chuang xin@dUrban-rural planning reform and innovation in aging times@f陈小卉[等]著@zeng |
| 210 | @a北京@c中国建筑工业出版社@d2015 | |
| 215 | @a204页@c图@d26cm | |
| 225 | 2 | @a城市科学发展丛书 |
| 300 | @a国家“十二五”重点图书出版规划项目 | |
| 304 | @a著者还有:杨红平、刘剑、邵玉宁 | |
| 330 | @a本书以营造适老、助老的城乡空间环境为目标,系统分析了适老化的区域空间、城市空间、乡村空间、居住空间、交通空间、公共开敞空间等空间内容与建设标准,构建了涵盖专享型养老服务设施和共享型为老服务设施组成的养老服务设施体系,并结合城乡规划体系,提出了养老服务设施规划的主要内容和相关设施布局的控制要求。 | |
| 410 | 0 | @12001 @a城市科学发展丛书 |
| 510 | 1 | @aUrban-rural planning reform and innovation in aging times@zeng |
| 606 | 0 | @a人口老龄化@x影响@x城乡规划@x研究@y中国 |
| 690 | @aTU984.2@v5 | |
| 701 | 0 | @a陈小卉@Achen xiao hui@4著 |
| 801 | 0 | @aCN@c20160515 |
| 905 | @a河南城建学院图书馆@dTU984.2@eC592 | |
| 基于老龄化社会的城乡规划变革与创新=Urban-rural planning reform and innovation in aging times/陈小卉[等]著.-北京:中国建筑工业出版社,2015 |
| 204页:图;26cm.-(城市科学发展丛书) |
| 国家“十二五”重点图书出版规划项目 |
| ISBN 978-7-112-18099-8:CNY58.00 |
| 本书以营造适老、助老的城乡空间环境为目标,系统分析了适老化的区域空间、城市空间、乡村空间、居住空间、交通空间、公共开敞空间等空间内容与建设标准,构建了涵盖专享型养老服务设施和共享型为老服务设施组成的养老服务设施体系,并结合城乡规划体系,提出了养老服务设施规划的主要内容和相关设施布局的控制要求。 |
| ● |
| 相关链接 |
|
|
|
正题名:基于老龄化社会的城乡规划变革与创新
索取号:TU984.2/C592
 
预约/预借
| 序号 | 登录号 | 条形码 | 馆藏地/架位号 | 状态 | 备注 |
| 1 | 1283756 | 212837563 | 建筑与城市规划学院资料室/201建筑库 66排1列4层/ [索取号:TU984.2/C592] | 在馆 | |
| 2 | 1283757 | 212837572 | 建筑与城市规划学院资料室/201建筑库 66排1列4层/ [索取号:TU984.2/C592] | 在馆 | |
| 3 | 1283758 | 212837581 | 建筑与城市规划学院资料室/101建筑库 88排1列5层/ [索取号:TU984.2/C592] | 在馆 | |
| 4 | 1455463 | 214554631 | 建筑库201/201建筑库 64排1列5层/ [索取号:TU984.2/C592] | 在馆 | |
| 5 | 1455464 | 214554640 | 建筑库201/201建筑库 64排1列5层/ [索取号:TU984.2/C592] | 在馆 | |
| 6 | 1455465 | 214554659 | 建筑与城市规划学院资料室/201建筑库 66排1列4层/ [索取号:TU984.2/C592] | 在馆 | |
| 7 | 1455466 | 214554668 | 建筑与城市规划学院资料室/201建筑库 66排1列4层/ [索取号:TU984.2/C592] | 在馆 | |
| 8 | 1455467 | 214554677 | 建筑与城市规划学院资料室/201建筑库 66排1列4层/ [索取号:TU984.2/C592] | 在馆 | |
| 9 | 1455468 | 214554686 | 建筑与城市规划学院资料室/201建筑库 66排1列4层/ [索取号:TU984.2/C592] | 在馆 |